7 Maravillas del Mundo por etapa - Estadísticas

Estadísticas generales
  • Esta prueba ha sido intentada 27 veces
  • La puntuación promedio es 8 de 21
Estadísticas de respuestas
7 Respuesta % Correcto
4 Gran Muralla China
77%
1 Gran Muralla China
77%
2 Coliseo Romano
68%
6 Coliseo Romano
68%
1 Coloso De Rodas
64%
5 Jardines Colgantes de Babilonia
59%
5 Petra
59%
7 Taj Mahal
59%
2 Cristo Redentor
55%
4 Chichen Itza
36%
3 Faro de Alejandria
36%
2 Gran Piramide de Guiza
32%
3 Macchu Picchu
32%
6 Mausoleo de Halicarnaso
27%
4 Estatua de Zeus en Olimpia
18%
7 Templo de Artemisa en Efeso
18%
7 Torre Inclinada de Pisa
18%
6 Santa Sofía
14%
1 Stonehenge
9%
3 Catacumbas de Kom el Shoqafa
5%
5 Torre de Porcelana de Nanjing
5%
No se encontraron pruebas coincidentes
Distribución de puntuación
Porcentaje de gente con cada puntuación
Porcentaje por número respondido
Historial de tus puntuaciones
No has intentado esta prueba.